00905 a2200205 4500020001500000040001300015082001400028100002200042245007000064246007200134260006800206300003200274490005100306650003900357650005300396650005600449710004000505830004000545856011400585 a047168161X aDLCbDLC a621.310421 aReeve, Whitham D.10aDC power system design for telecommunications cWhitham D. Reeve3 aDC power system design for telecommunications [electronic resource] aHoboken, N.J. :bIEEE Press ;aHoboken, N.J. :bWiley,cc2007. ax, 500 p. :bill. ;c26 cm.1 aIEEE Press telecommunications handbook series. 0aElectric circuitsxDirect current. 0aElectric power systemsxDesign and construction. 0aTelecommunication systemsxDesign and construction.2 aWiley InterScience (Online service) 0aTelecommunications handbook series.41uhttp://libproxy1.nus.edu.sg/login?url=http://www3.interscience.wiley.com/cgi-bin/homepage/?isbn=9780470045039